[Event "27th North American Open"]
[Site "Las Vegas"]
[Date "2017.12.27"]
[Round "4.2"]
[White "Bryant, John"]
[Black "Lee, Michael"]
[Result "1-0"]
[WhiteElo "2437"]
[BlackElo "2406"]
[PlyCount "77"]
[EventDate "2017.12.??"]
[EventType "swiss"]
[EventRounds "9"]
[EventCountry "USA"]
[Source "MonRoi"]

1. e4 c5 2. c3 d5 3. exd5 Qxd5 4. d4 Nf6 5. Nf3 e6 6. Na3 Qd8 7. Nc4 Nc6 8.
Nce5 Qb6 9. Qa4 Bd7 10. Nxd7 Nxd7 11. Bb5 Rc8 12. O-O a6 13. Be2 cxd4 14. Nxd4
Nxd4 15. cxd4 Bd6 16. d5 e5 17. Bg5 f6 18. Bh5+ Kd8 19. Be3 Qb4 20. Qd1 g6 21.
Be2 Qxb2 22. Rb1 Qxa2 23. Rxb7 Ke7 24. Bg4 Rc7 25. Rxc7 Bxc7 26. Qc1 Qa4 27.
Qxc7 Qxg4 28. Bc5+ Kf7 29. Ra1 Rb8 30. f3 Qf5 31. g4 Rb1+ 32. Kg2 Rb2+ 33. Bf2
Rc2 34. Qb7 Rxf2+ 35. Kxf2 Qc2+ 36. Kg3 Ke8 37. Qc6 Qd2 38. Qe6+ Kd8 39. d6 1-0

[Event "27th North American Open"]
[Site "Las Vegas"]
[Date "2017.12.27"]
[Round "4.3"]
[White "Bick, Gabriel"]
[Black "Hess, Robert"]
[Result "0-1"]
[WhiteElo "2416"]
[BlackElo "2568"]
[PlyCount "64"]
[EventDate "2017.12.??"]
[EventType "swiss"]
[EventRounds "9"]
[EventCountry "USA"]
[Source "MonRoi"]

1. e4 e5 2. Nf3 Nc6 3. Bc4 Bc5 4. O-O Nf6 5. d3 a6 6. c3 Ba7 7. Re1 d6 8. Bb3
h6 9. Nbd2 Nh5 10. Nf1 Qf6 11. Ne3 Nf4 12. d4 Ne7 13. Nf5 Neg6 14. Bc2 Ne6 15.
Be3 O-O 16. h4 Re8 17. Nh2 Qd8 18. Qg4 exd4 19. Bd2 d3 20. Bb3 Qf6 21. Qg3 Ne5
22. Nxh6+ Kf8 23. Nf5 Qg6 24. Qh3 Nc5 25. h5 Qh7 26. g4 Nxb3 27. axb3 g6 28.
Ng3 gxh5 29. Nxh5 Re6 30. Kf1 Rg6 31. f3 Be6 32. Qg3 Qxh5 0-1

[Event "27th North American Open"]
[Site "Las Vegas"]
[Date "2017.12.27"]
[Round "4.4"]
[White "Kolev, Atanas"]
[Black "Li, Zhaozhi"]
[Result "1/2-1/2"]
[WhiteElo "2552"]
[BlackElo "2412"]
[PlyCount "62"]
[EventDate "2017.12.??"]
[EventType "swiss"]
[EventRounds "9"]
[EventCountry "USA"]
[Source "MonRoi"]

1. d4 Nf6 2. Nf3 b6 3. g3 Bb7 4. Bg2 e6 5. O-O g6 6. c4 Bg7 7. Nc3 Ne4 8. Nxe4
Bxe4 9. Bg5 Qc8 10. Qd2 h6 11. Be3 d6 12. Rac1 Nd7 13. b4 Qb7 14. Ne1 Bxg2 15.
Nxg2 Rd8 16. f3 c6 17. a4 Nf6 18. Rfd1 d5 19. c5 Nd7 20. Ne1 bxc5 21. bxc5 e5
22. Rb1 Qa6 23. Nc2 exd4 24. Nxd4 Ne5 25. Bf2 O-O 26. Qb4 Rd7 27. Kg2 Re8 28.
Qb3 Nc4 29. Qd3 Rde7 30. e4 Qc8 31. Re1 Ne5 1/2-1/2

[Event "27th North American Open"]
[Site "Las Vegas"]
[Date "2017.12.27"]
[Round "4"]
[White "Paragua, Mark"]
[Black "Aldama, Dionisio"]
[Result "0-1"]
[WhiteElo "2513"]
[BlackElo "2403"]
[PlyCount "60"]
[EventDate "2017.12.??"]
[EventType "swiss"]
[EventRounds "9"]
[EventCountry "USA"]
[Source "MonRoi"]

1. d4 Nf6 2. Nf3 g6 3. g3 Bg7 4. c4 O-O 5. Bg2 d6 6. O-O Nbd7 7. Nc3 e5 8. e3
Re8 9. b3 c6 10. Qc2 Nf8 11. a4 Bf5 12. Qd1 Ne6 13. Nh4 Bg4 14. f3 exd4 15.
exd4 Bh5 16. Ne2 d5 17. Bh3 c5 18. Bxe6 fxe6 19. Be3 cxd4 20. Bxd4 g5 21. Ng2
e5 22. Be3 e4 23. f4 dxc4 24. Qe1 Nd5 25. Rd1 cxb3 26. fxg5 b2 27. Rf5 Nxe3 28.
Rxd8 Raxd8 29. Nxe3 Bxe2 30. Rf2 Rc8 0-1

[Event "27th North American Open"]
[Site "Las Vegas"]
[Date "2017.12.27"]
[Round "4"]
[White "Perez, Robert"]
[Black "Subramanian, Arun"]
[Result "0-1"]
[WhiteElo "2397"]
[BlackElo "2490"]
[PlyCount "132"]
[EventDate "2017.12.??"]
[EventType "swiss"]
[EventRounds "9"]
[EventCountry "USA"]
[Source "MonRoi"]

1. d4 Nf6 2. c4 e6 3. Nf3 a6 4. Nc3 d5 5. cxd5 exd5 6. Bg5 Be6 7. e3 Nbd7 8.
Bd3 h6 9. Bf4 g5 10. Bg3 Nh5 11. Be5 Ng7 12. O-O g4 13. Bxg7 Bxg7 14. Ne1 h5
15. Na4 h4 16. Rc1 c6 17. Be2 Qg5 18. Nd3 Bf8 19. Nac5 Nxc5 20. Nxc5 Bxc5 21.
Rxc5 Rg8 22. Rc3 Rd8 23. b4 Rd6 24. f4 gxf3 25. Bxf3 Bh3 26. Rf2 Rdg6 27. Kh1
Rf6 28. Qe2 Kf8 29. a3 Bd7 30. Rf1 Rgg6 31. Kg1 Kg7 32. Rf2 Bf5 33. Bh5 Rh6 34.
Bf3 Rh8 35. Rf1 Re8 36. Re1 Rfe6 37. Qf2 Be4 38. Bxe4 Rxe4 39. a4 f5 40. b5
axb5 41. axb5 R8e6 42. bxc6 bxc6 43. Rec1 f4 44. Rxc6 fxe3 45. Rc7+ Re7 46.
Rxe7+ Rxe7 47. Qe2 Rf7 48. h3 Rf2 49. Qg4 Qxg4 50. hxg4 Rf4 51. Re1 Rxd4 52.
Rxe3 Kf6 53. Kh2 Rxg4 54. Kh3 Kf5 55. Rd3 d4 56. Ra3 Rf4 57. g3 hxg3 58. Kxg3
Ke4 59. Ra7 Rf8 60. Re7+ Kd3 61. Re6 Kd2 62. Re7 d3 63. Re6 Kd1 64. Re7 d2 65.
Re6 Rd8 66. Kf2 Kc2 0-1

[Event "27th North American Open"]
[Site "Las Vegas"]
[Date "2017.12.27"]
[Round "4"]
[White "Banawa, Joel"]
[Black "Checa, Nicolas"]
[Result "1/2-1/2"]
[WhiteElo "2397"]
[BlackElo "2474"]
[PlyCount "97"]
[EventDate "2017.12.??"]
[EventType "swiss"]
[EventRounds "9"]
[EventCountry "USA"]
[Source "MonRoi"]

1. c4 Nf6 2. Nf3 c6 3. Nc3 d5 4. e3 a6 5. Qc2 g6 6. d4 Bf5 7. Bd3 Bxd3 8. Qxd3
Bg7 9. O-O O-O 10. b3 Nbd7 11. Bb2 e6 12. Ba3 Re8 13. Bd6 Rc8 14. c5 Bf8 15.
Bxf8 Kxf8 16. b4 e5 17. Nd2 Kg7 18. a4 Re6 19. b5 axb5 20. axb5 b6 21. bxc6 e4
22. Qe2 Rexc6 23. Nb5 Ra8 24. Na7 Rc7 25. Nb5 Rc6 26. Na7 Rc7 27. Nb5 Rxa1 28.
Rxa1 Rc8 29. Nd6 Ra8 30. Rxa8 Qxa8 31. cxb6 Qc6 32. Nb5 Qc1+ 33. Nf1 Nxb6 34.
Qd2 Qa1 35. Qc3 Qa2 36. Nd6 Nc4 37. Nxc4 dxc4 38. d5 Qb3 39. Qe5 c3 40. g4 h6
41. h4 c2 42. g5 hxg5 43. hxg5 c1=Q 44. gxf6+ Kg8 45. Qe8+ Kh7 46. Qf8 Qxf1+
47. Kxf1 Qd1+ 48. Kg2 Qg4+ 49. Kf1 1/2-1/2

[Event "27th North American Open"]
[Site "Las Vegas"]
[Date "2017.12.27"]
[Round "4"]
[White "Li, Ruifeng"]
[Black "Kavutskiy, Konstantin"]
[Result "1-0"]
[WhiteElo "2569"]
[BlackElo "2369"]
[PlyCount "125"]
[EventDate "2017.12.??"]
[EventType "swiss"]
[EventRounds "9"]
[EventCountry "USA"]
[Source "MonRoi"]

1. e4 c5 2. Nf3 e6 3. b3 b6 4. Bb2 Bb7 5. Nc3 Nc6 6. d4 cxd4 7. Nxd4 Nf6 8.
Nxc6 Bxc6 9. Bd3 d5 10. exd5 Nxd5 11. Be4 Be7 12. Nxd5 exd5 13. Bd3 Qd6 14. O-O
O-O 15. Qg4 Qh6 16. g3 Rfe8 17. Rae1 Bf8 18. Be5 Bd6 19. Bd4 Bf8 20. Re3 Qd6
21. Rf3 Bd7 22. Qh5 g6 23. Qh4 Bg7 24. Bxg7 Kxg7 25. Qf4 Qxf4 26. Rxf4 Bh3 27.
Rd1 h5 28. f3 Rad8 29. Rd4 Re7 30. Kf2 Be6 31. Re1 Rc7 32. Ke3 Rdc8 33. Kd2 a5
34. a4 Kf6 35. Re3 Rc5 36. h4 R8c7 37. g4 hxg4 38. fxg4 Rc8 39. Rf4+ Ke7 40. g5
Rh8 41. Bf1 Kd6 42. Bh3 Rhc8 43. c3 Bxh3 44. Rxh3 Ke7 45. Rhf3 f5 46. gxf6+ Kf7
47. Rg4 Rh8 48. Kd3 Rc6 49. Kd4 Rh5 50. Rxg6 Rxh4+ 51. Kd3 Rh7 52. Rg7+ Rxg7
53. fxg7+ Kxg7 54. Kd4 Rd6 55. Rf5 Kg6 56. Rxd5 Rc6 57. Re5 Kf6 58. Re3 Rc5 59.
Rh3 Kg7 60. Rf3 Kg6 61. b4 Rg5 62. Kc4 Kg7 63. Rd3 1-0

[Event "27th North American Open"]
[Site "Las Vegas"]
[Date "2017.12.27"]
[Round "4"]
[White "Sevian, Samuel"]
[Black "Aaron, Deepak"]
[Result "1-0"]
[WhiteElo "2614"]
[BlackElo "2307"]
[PlyCount "96"]
[EventDate "2017.12.??"]
[EventType "swiss"]
[EventRounds "9"]
[EventCountry "USA"]
[Source "MonRoi"]

1. e4 e6 2. d4 d5 3. Nd2 Nf6 4. e5 Nfd7 5. Bd3 c5 6. c3 Nc6 7. Ne2 a5 8. O-O a4
9. a3 cxd4 10. cxd4 Nb6 11. Nf3 Be7 12. Be3 Bd7 13. Rc1 Na5 14. Nf4 g6 15. Nd2
Bc6 16. Qe2 Qd7 17. Rc3 Nc8 18. Rfc1 Na7 19. Nh3 b5 20. Bh6 b4 21. axb4 Bxb4
22. R3c2 Bxd2 23. Qxd2 Nb3 24. Qf4 Nxc1 25. Rxc1 O-O-O 26. Ng5 Kb8 27. Qxf7
Rhe8 28. Be2 Rc8 29. Qf4 Bb5 30. Bg4 Rxc1+ 31. Qxc1 Bd3 32. h4 Rc8 33. Qd2 Bf5
34. Bd1 Ka8 35. g4 Bb1 36. Kg2 Qc6 37. Qb4 Qb5 38. Qxb5 Nxb5 39. Nxe6 Be4+ 40.
Kh2 Bc2 41. Bf3 Be4 42. Bxe4 dxe4 43. d5 Kb7 44. Be3 Nc3 45. d6 Kc6 46. Nd4+
Kd7 47. bxc3 a3 48. Bf4 a2 1-0

[Event "27th North American Open"]
[Site "Las Vegas"]
[Date "2017.12.27"]
[Round "4"]
[White "Moradiabadi, Elshan"]
[Black "Taghizadeh, Rayan"]
[Result "1/2-1/2"]
[WhiteElo "2528"]
[BlackElo "2346"]
[PlyCount "76"]
[EventDate "2017.12.??"]
[EventType "swiss"]
[EventRounds "9"]
[EventCountry "USA"]
[Source "MonRoi"]

1. e4 c5 2. Nf3 e6 3. Nc3 a6 4. d4 cxd4 5. Nxd4 b5 6. g3 b4 7. Na4 Bb7 8. Bg2
Qa5 9. b3 Nf6 10. Qe2 Nc6 11. Bb2 Nxd4 12. Bxd4 e5 13. Bb6 Qb5 14. Qd3 d5 15.
exd5 Qxd3 16. cxd3 Bxd5 17. O-O Bxg2 18. Kxg2 Bd6 19. Rfe1 Kd7 20. d4 e4 21. d5
Rhe8 22. Rad1 Rab8 23. Bd4 Be5 24. Ba7 Rb5 25. Nc5+ Kd6 26. Nxe4+ Nxe4 27. Rxe4
Ra8 28. Be3 a5 29. Rc4 Rxd5 30. Rdc1 Kd7 31. Kf3 Bc3 32. a4 Re8 33. Re4 Rxe4
34. Kxe4 Kc6 35. g4 g6 36. g5 Rd8 37. h4 Rd5 38. h5 Kd6 1/2-1/2

[Event "27th North American Open"]
[Site "Las Vegas"]
[Date "2017.12.27"]
[Round "4"]
[White "Brown, Michael"]
[Black "Moon, Benjamin"]
[Result "1-0"]
[WhiteElo "2506"]
[BlackElo "2317"]
[PlyCount "51"]
[EventDate "2017.12.??"]
[EventType "swiss"]
[EventRounds "9"]
[EventCountry "USA"]
[Source "MonRoi"]

1. d4 Nf6 2. c4 g6 3. Nc3 Bg7 4. e4 d6 5. Nf3 O-O 6. Be2 Bg4 7. Be3 Nfd7 8. Rc1
Nc6 9. d5 Bxf3 10. Bxf3 Na5 11. Be2 c5 12. O-O a6 13. Qd2 Qc7 14. b3 Rfb8 15.
h4 h5 16. f4 Qd8 17. e5 Nf8 18. Ne4 b5 19. cxb5 axb5 20. f5 Bxe5 21. fxg6 fxg6
22. Bh6 Nh7 23. Ng5 Nf6 24. Qc2 Qe8 25. Bd3 Qd7 26. Bxb5 1-0

[Event "27th North American Open"]
[Site "Las Vegas"]
[Date "2017.12.27"]
[Round "4"]
[White "Patel, Advait"]
[Black "Atoufi, Pedram"]
[Result "1-0"]
[WhiteElo "2478"]
[BlackElo "2284"]
[PlyCount "75"]
[EventDate "2017.12.??"]
[EventType "swiss"]
[EventRounds "9"]
[EventCountry "USA"]
[Source "MonRoi"]

1. e4 e5 2. Nf3 Nc6 3. Bb5 a6 4. Ba4 Nf6 5. O-O Be7 6. Re1 b5 7. Bb3 d6 8. c3
O-O 9. h3 Na5 10. Bc2 d5 11. d4 Nxe4 12. Nxe5 f6 13. Nd3 Bd6 14. Nd2 f5 15. a4
Bd7 16. Nf3 Nc4 17. Nfe5 Nxe5 18. Nxe5 Bxe5 19. dxe5 Be6 20. f3 Nc5 21. b3 Rf7
22. Be3 Nd7 23. f4 c6 24. Qd2 g6 25. Qf2 Rf8 26. b4 Re8 27. Bd3 Bf7 28. Ra3 d4
29. Bxd4 c5 30. bxc5 Nxc5 31. Bxf5 Nxa4 32. Bc2 Qd7 33. g4 Bd5 34. f5 Rf8 35.
Raa1 Rac8 36. e6 Qd6 37. fxg6 hxg6 38. Qh4 1-0

[Event "27th North American Open"]
[Site "Las Vegas"]
[Date "2017.12.27"]
[Round "4"]
[White "Zhu, Jack"]
[Black "Matikozyan, Andran"]
[Result "0-1"]
[WhiteElo "2380"]
[BlackElo "2418"]
[PlyCount "92"]
[EventDate "2017.12.??"]
[EventType "swiss"]
[EventRounds "9"]
[EventCountry "USA"]
[Source "MonRoi"]

1. d4 Nf6 2. Nf3 g6 3. c4 Bg7 4. Nc3 d6 5. e4 O-O 6. h3 e5 7. d5 a5 8. Be2 Na6
9. Be3 Nd7 10. g4 Ndc5 11. Rg1 c6 12. Rb1 cxd5 13. cxd5 Bd7 14. a3 a4 15. Rg3
b5 16. Kf1 Rb8 17. Kg2 Kh8 18. g5 f5 19. gxf6 Qxf6 20. Qf1 b4 21. axb4 Nxb4 22.
Nd2 Nc2 23. Bg5 Qf7 24. Nc4 Nb7 25. Bd1 Nd4 26. Ra1 Bf6 27. Bxf6+ Qxf6 28. Nxa4
Bb5 29. b3 Ra8 30. Rc1 Qf4 31. Rcc3 Qxe4+ 32. Kg1 Ra6 33. Rce3 Qxd5 34. Nc3 Qc6
35. Nxb5 Qxb5 36. Re1 Nc5 37. Rge3 Nce6 38. Qg2 Nf4 39. Qe4 Nf5 40. Rf3 Ra1 41.
Rxf4 exf4 42. Nxd6 Qc5 43. Nc4 Qd4 44. Qe2 Rd8 45. Bc2 Ng3 46. Qe7 Ne4 0-1

[Event "27th North American Open"]
[Site "Las Vegas"]
[Date "2017.12.27"]
[Round "4"]
[White "Wheeler, Cameron"]
[Black "Mulyar, Michael"]
[Result "1-0"]
[WhiteElo "2384"]
[BlackElo "2402"]
[PlyCount "59"]
[EventDate "2017.12.??"]
[EventType "swiss"]
[EventRounds "9"]
[EventCountry "USA"]
[Source "MonRoi"]

1. d4 d5 2. c4 c6 3. Nf3 Nf6 4. Nc3 e6 5. g3 dxc4 6. Bg2 b5 7. Ne5 Nd5 8. e4
Nxc3 9. bxc3 Be7 10. O-O O-O 11. a4 f6 12. Nf3 Bb7 13. Bh3 f5 14. Qe2 Nd7 15.
Re1 Rf7 16. exf5 exf5 17. d5 cxd5 18. Nd4 Bf6 19. Nxf5 Ne5 20. Ba3 d4 21. Nxd4
Qd5 22. f3 Qxf3 23. Nxf3 Nxf3+ 24. Kf2 Nxe1 25. Be6 Nd3+ 26. Kg1 b4 27. Bxc4
bxa3 28. Qxd3 Rd8 29. Qe2 Bxc3 30. Rd1 1-0

[Event "27th North American Open"]
[Site "Las Vegas"]
[Date "2017.12.27"]
[Round "4"]
[White "Kalikshteyn, Alexander"]
[Black "Ghatti, Sanjay"]
[Result "1/2-1/2"]
[WhiteElo "2425"]
[BlackElo "2212"]
[PlyCount "53"]
[EventDate "2017.12.??"]
[EventType "swiss"]
[EventRounds "9"]
[EventCountry "USA"]
[Source "MonRoi"]

1. c4 e6 2. Nc3 d5 3. d4 Nf6 4. cxd5 exd5 5. Bg5 c6 6. e3 Be7 7. Bd3 O-O 8. Qc2
Nbd7 9. Nf3 Re8 10. h3 Nf8 11. Bf4 Bd6 12. Bxd6 Qxd6 13. O-O Ng6 14. Rab1 a5
15. a3 Qe7 16. Na4 Ne4 17. Nb6 Rb8 18. b4 axb4 19. axb4 Ng5 20. Nxg5 Qxg5 21.
Bxg6 hxg6 22. Nxc8 Rbxc8 23. b5 Re4 24. Qc5 Qe7 25. Rfc1 Qxc5 26. Rxc5 Re7 27.
Rbc1 1/2-1/2

[Event "27th North American Open"]
[Site "Las Vegas"]
[Date "2017.12.27"]
[Round "4"]
[White "Niemann, Hans"]
[Black "Lin, Andy"]
[Result "1/2-1/2"]
[WhiteElo "2297"]
[BlackElo "2144"]
[PlyCount "128"]
[EventDate "2017.12.??"]
[EventType "swiss"]
[EventRounds "9"]
[EventCountry "USA"]
[Source "MonRoi"]

1. Nf3 e6 2. g3 b5 3. e3 a6 4. Bg2 Bb7 5. O-O Nf6 6. b3 Be7 7. Bb2 c5 8. d3 d6
9. Nbd2 O-O 10. e4 Nbd7 11. a4 Qc7 12. Qe2 Rfc8 13. Rfc1 Bc6 14. axb5 axb5 15.
d4 b4 16. dxc5 Nxc5 17. e5 dxe5 18. Nxe5 Bxg2 19. Kxg2 Qb7+ 20. Qf3 Qxf3+ 21.
Kxf3 Nd5 22. Nec4 Kf8 23. Nf1 Nd7 24. Nfe3 N7b6 25. Nxb6 Nxb6 26. Rxa8 Rxa8 27.
Ra1 Rc8 28. Bd4 Bc5 29. Bxc5+ Rxc5 30. Ra7 Rc3 31. Ke2 Nd5 32. Kd2 Nb6 33. Rb7
Rc6 34. h4 h5 35. Ra7 Rd6+ 36. Kc1 Ke8 37. Ra5 Nd5 38. Nxd5 exd5 39. Rb5 Rf6
40. Rxd5 Rxf2 41. Rxh5 Rg2 42. Rg5 g6 43. h5 gxh5 44. Rxh5 Rxg3 45. Rh4 Kd7 46.
Rxb4 f5 47. Kb2 Rg8 48. Rf4 Ke6 49. b4 Rg4 50. Rf3 Rxb4+ 51. Kc3 Ra4 52. Kd2 f4
53. Rc3 Re4 54. Rc5 f3 55. Rc3 Rf4 56. Ke1 f2+ 57. Kf1 Kd5 58. Ra3 Rf8 59. Ra4
Kc5 60. Rg4 Kd5 61. Rg2 Kc4 62. Rxf2 Rxf2+ 63. Kxf2 Kc3 64. Ke1 Kxc2 1/2-1/2

[Event "27th North American Open"]
[Site "Las Vegas"]
[Date "2017.12.27"]
[Round "4"]
[White "Kretchetov, Alexandre"]
[Black "Saleem, Arshaq"]
[Result "1/2-1/2"]
[WhiteElo "2264"]
[BlackElo "2057"]
[PlyCount "52"]
[EventDate "2017.12.??"]
[EventType "swiss"]
[EventRounds "9"]
[EventCountry "USA"]
[Source "MonRoi"]

1. d4 Nf6 2. Bg5 c5 3. Bxf6 gxf6 4. d5 Qb6 5. Qc1 f5 6. e3 Bg7 7. c3 d6 8. Ne2
Nd7 9. Nf4 Nf6 10. Bc4 O-O 11. O-O Bd7 12. Nd2 Qc7 13. a4 Rae8 14. Qd1 e6 15.
Qf3 Kh8 16. Nh5 Rg8 17. Nxf6 Bxf6 18. g3 Bg5 19. Bb5 Rg6 20. Rfd1 e5 21. Qh5
Reg8 22. Nf3 Bc8 23. Nxg5 Rxg5 24. Qh4 R8g6 25. Be2 Qe7 26. Kh1 Rg8 1/2-1/2

[Event "27th North American Open"]
[Site "Las Vegas"]
[Date "2017.12.27"]
[Round "4"]
[White "Yanayt, Eugene"]
[Black "Adriaanse, Adam"]
[Result "0-1"]
[WhiteElo "2173"]
[BlackElo "1996"]
[PlyCount "62"]
[EventDate "2017.12.??"]
[EventType "swiss"]
[EventRounds "9"]
[EventCountry "USA"]
[Source "MonRoi"]

1. d4 Nf6 2. c4 e6 3. g3 Bb4+ 4. Bd2 a5 5. Bg2 d6 6. e3 Nbd7 7. Ne2 e5 8. Nbc3
O-O 9. O-O Re8 10. Qc2 c6 11. Rfd1 Qc7 12. a3 Bxc3 13. Bxc3 Nb6 14. b3 a4 15.
Bb4 Be6 16. dxe5 axb3 17. Qxb3 Bxc4 18. Qb2 dxe5 19. Bd6 Qc8 20. Nc3 Nbd7 21.
Rac1 b5 22. Qb4 Qa6 23. a4 bxa4 24. Nxa4 Bd5 25. Nc5 Nxc5 26. Qxc5 Ne4 27. Bxe4
Bxe4 28. Rd2 Qc8 29. Bxe5 Qg4 30. Rd4 Qf3 31. Kf1 Ra2 0-1

[Event "27th North American Open"]
[Site "Las Vegas"]
[Date "2017.12.28"]
[Round "5.1"]
[White "Bryant, John"]
[Black "Gabuzyan, Hovhannes"]
[Result "1-0"]
[WhiteElo "2437"]
[BlackElo "2581"]
[PlyCount "79"]
[EventDate "2017.12.??"]
[EventType "swiss"]
[EventRounds "9"]
[EventCountry "USA"]
[Source "MonRoi"]

1. e4 g6 2. d4 Bg7 3. Nf3 a6 4. c4 d6 5. Nc3 c6 6. Be2 b5 7. a3 Nd7 8. Qc2 Bb7
9. Be3 Ngf6 10. h3 Qc7 11. O-O O-O 12. Rac1 Rac8 13. Qb1 Qb8 14. b4 bxc4 15.
Bxc4 d5 16. Ba2 e5 17. dxe5 Nxe5 18. Nxe5 Qxe5 19. f4 Qb8 20. e5 Nh5 21. Ne2 a5
22. b5 cxb5 23. g4 Rxc1 24. Bxc1 Nxf4 25. Bxf4 Bxe5 26. Bxe5 Qxe5 27. Qxb5 Qe3+
28. Rf2 Qxa3 29. Qxb7 Qxa2 30. Nf4 Qa1+ 31. Kg2 d4 32. Qe7 Qb1 33. Nd5 f5 34.
gxf5 gxf5 35. Kh2 Qb8+ 36. Nc7 Rf6 37. Qxf6 Qxc7+ 38. Kg2 Qb7+ 39. Kg3 Qb8+ 40.
Kh4 1-0

[Event "27th North American Open"]
[Site "Las Vegas"]
[Date "2017.12.28"]
[Round "5.2"]
[White "Hess, Robert"]
[Black "Aldama, Dionisio"]
[Result "1/2-1/2"]
[WhiteElo "2568"]
[BlackElo "2403"]
[PlyCount "97"]
[EventDate "2017.12.??"]
[EventType "swiss"]
[EventRounds "9"]
[EventCountry "USA"]
[Source "MonRoi"]

1. d4 Nf6 2. Nf3 g6 3. c4 Bg7 4. Nc3 O-O 5. e4 d6 6. Be2 e5 7. O-O Nc6 8. Be3
h6 9. d5 Ne7 10. Nd2 b6 11. b4 a5 12. bxa5 Rxa5 13. a4 Nd7 14. Nb3 Ra8 15. a5
Nc5 16. axb6 Rxa1 17. Nxa1 cxb6 18. Qd2 h5 19. Rb1 f5 20. Qb2 Nxe4 21. Bxb6 Qe8
22. Nb5 Bd7 23. Bc7 Nc8 24. f3 Rf7 25. Qc1 Qe7 26. fxe4 Bxb5 27. cxb5 Qxc7 28.
exf5 gxf5 29. Bxh5 Qb6+ 30. Kh1 Rf8 31. Qc6 e4 32. Nc2 Qf2 33. Qc4 Nb6 34. Qe2
Qxe2 35. Bxe2 Kf7 36. Ne3 Kf6 37. Ra1 f4 38. Nc4 Nxd5 39. Rd1 Nc3 40. Rxd6+ Ke7
41. Bg4 Nxb5 42. Re6+ Kf7 43. Rxe4 Kg8 44. h4 Nc3 45. Re7 Bf6 46. Be6+ Kh8 47.
Rc7 Re8 48. Bf5 Re7 49. Rxe7 1/2-1/2

[Event "27th North American Open"]
[Site "Las Vegas"]
[Date "2017.12.28"]
[Round "5.3"]
[White "Subramanian, Arun"]
[Black "Cuya, Bryan"]
[Result "1-0"]
[WhiteElo "2490"]
[BlackElo "2270"]
[PlyCount "75"]
[EventDate "2017.12.??"]
[EventType "swiss"]
[EventRounds "9"]
[EventCountry "USA"]
[Source "MonRoi"]

1. Nf3 d5 2. d4 Nf6 3. c4 dxc4 4. e3 Bg4 5. Bxc4 e6 6. h3 Bh5 7. Nc3 Nbd7 8.
Be2 Bb4 9. O-O O-O 10. Bd2 c5 11. a3 cxd4 12. Nxd4 Bxe2 13. Qxe2 Bc5 14. Nf3
Bd6 15. Rfd1 Qe7 16. e4 Ne5 17. Nb5 Nxf3+ 18. Qxf3 Rfc8 19. Nxd6 Qxd6 20. Bc3
Qe7 21. Bxf6 gxf6 22. Rd3 Rd8 23. Qg4+ Kh8 24. Rf3 Rg8 25. Qf4 Rg6 26. Rc1 Rag8
27. g3 e5 28. Qf5 Qd8 29. h4 Qb6 30. Kg2 Kg7 31. h5 Rh6 32. Qg4+ Kh8 33. Rc8
Rxc8 34. Qxc8+ Kg7 35. Qg4+ Kf8 36. Rc3 f5 37. Qxf5 Re6 38. Rf3 1-0

[Event "27th North American Open"]
[Site "Las Vegas"]
[Date "2017.12.28"]
[Round "5.4"]
[White "Shmelov, Denys"]
[Black "Schmakel, Sam"]
[Result "1-0"]
[WhiteElo "2420"]
[BlackElo "2430"]
[PlyCount "57"]
[EventDate "2017.12.??"]
[EventType "swiss"]
[EventRounds "9"]
[EventCountry "USA"]
[Source "MonRoi"]

1. d4 Nf6 2. c4 g6 3. Nc3 Bg7 4. e4 d6 5. Be2 O-O 6. Nf3 e5 7. O-O Nc6 8. d5
Ne7 9. b4 Nh5 10. Re1 f5 11. Ng5 Nf6 12. Bf3 c6 13. dxc6 bxc6 14. exf5 gxf5 15.
b5 d5 16. Ba3 e4 17. bxc6 h6 18. cxd5 hxg5 19. Qb3 Rf7 20. Rad1 Ng6 21. d6 exf3
22. c7 Qd7 23. Re7 Nxe7 24. dxe7 Qxc7 25. Nd5 Nxd5 26. e8=Q+ Bf8 27. Rxd5 Rb8
28. Rd7 Qxd7 29. Qxf8+ 1-0

[Event "27th North American Open"]
[Site "Las Vegas"]
[Date "2017.12.28"]
[Round "5"]
[White "Li, Zhaozhi"]
[Black "Li, Ruifeng"]
[Result "0-1"]
[WhiteElo "2412"]
[BlackElo "2569"]
[PlyCount "142"]
[EventDate "2017.12.??"]
[EventType "swiss"]
[EventRounds "9"]
[EventCountry "USA"]
[Source "MonRoi"]

1. d4 Nf6 2. Bf4 d5 3. e3 e6 4. Nd2 c5 5. c3 Nc6 6. Ngf3 Be7 7. h3 Bd6 8. Bxd6
Qxd6 9. Bd3 O-O 10. O-O e5 11. dxc5 Qxc5 12. e4 h6 13. Re1 Be6 14. exd5 Bxd5
15. Qc2 Rfe8 16. Rad1 Rad8 17. Ne4 Qe7 18. Nxf6+ Qxf6 19. Be4 Bxe4 20. Qxe4 Qe6
21. Rxd8 Rxd8 22. b4 f6 23. Nd4 Qd5 24. Nxc6 Qxc6 25. Qxc6 bxc6 26. Re4 Rd1+
27. Kh2 Ra1 28. f4 exf4 29. Rxf4 Rxa2 30. Rc4 Ra6 31. Rd4 Kf8 32. Rd7 Ra3 33.
c4 a5 34. b5 cxb5 35. cxb5 Rb3 36. Rb7 Kg8 37. b6 Kh7 38. Ra7 Rxb6 39. Rxa5 Rb4
40. g4 g5 41. Ra6 Kg6 42. Kg3 Rc4 43. Rb6 Ra4 44. Rc6 Ra3+ 45. Kg2 Re3 46. Ra6
Kf7 47. Ra7+ Re7 48. Ra6 Re6 49. Ra7+ Kg6 50. h4 gxh4 51. Kh3 Re4 52. Ra8 h5
53. gxh5+ Kxh5 54. Rg8 Re3+ 55. Kh2 f5 56. Rh8+ Kg4 57. Rg8+ Kf3 58. Rh8 Re4
59. Rh7 Ke3 60. Kg1 Rd4 61. Re7+ Kf3 62. Kh2 f4 63. Rh7 Rd2+ 64. Kh3 Rd1 65.
Kh2 Ke3 66. Rxh4 f3 67. Rh3 Ke2 68. Rh8 f2 69. Re8+ Kd2 70. Rd8+ Kc2 71. Rc8+
Kb3 0-1

[Event "27th North American Open"]
[Site "Las Vegas"]
[Date "2017.12.28"]
[Round "5"]
[White "Ghaemmaghami, Ehsan"]
[Black "Banawa, Joel"]
[Result "1-0"]
[WhiteElo "2545"]
[BlackElo "2397"]
[PlyCount "83"]
[EventDate "2017.12.??"]
[EventType "swiss"]
[EventRounds "9"]
[EventCountry "USA"]
[Source "MonRoi"]

1. Nf3 c5 2. e4 d6 3. c3 Nf6 4. Bd3 Bg4 5. h3 Bh5 6. Bc2 e6 7. d3 Nc6 8. Nbd2
Be7 9. g4 Bg6 10. Nh4 Nd7 11. Ng2 h5 12. Nf4 Bg5 13. Nc4 Bxf4 14. Bxf4 Nde5 15.
Nxe5 dxe5 16. Be3 Qh4 17. g5 c4 18. Qf3 cxd3 19. Bxd3 Rd8 20. Bc2 O-O 21. Rg1
b6 22. Qg3 Qxg3 23. Rxg3 Na5 24. h4 Nc4 25. Bc1 Nd6 26. f3 Kh7 27. b3 Nb5 28.
Bb2 f5 29. gxf6 gxf6 30. a4 Nc7 31. a5 b5 32. Ba3 Rf7 33. Rd1 Rxd1+ 34. Bxd1
Na6 35. Be2 Rb7 36. Rg1 Be8 37. Kd2 Rc7 38. Rd1 Kg6 39. Kc2 b4 40. Bxa6 Rxc3+
41. Kb2 Rc6 42. Bb5 1-0

[Event "27th North American Open"]
[Site "Las Vegas"]
[Date "2017.12.28"]
[Round "5"]
[White "Hilby, Craig"]
[Black "Brown, Michael"]
[Result "1/2-1/2"]
[WhiteElo "2390"]
[BlackElo "2506"]
[PlyCount "84"]
[EventDate "2017.12.??"]
[EventType "swiss"]
[EventRounds "9"]
[EventCountry "USA"]
[Source "MonRoi"]

1. d4 Nf6 2. c4 e6 3. Nf3 d5 4. g3 Be7 5. Bg2 O-O 6. O-O dxc4 7. Ne5 Nc6 8.
Bxc6 bxc6 9. Nxc6 Qe8 10. Nxe7+ Qxe7 11. b3 cxb3 12. Qxb3 Rd8 13. Ba3 Qe8 14.
Rd1 Ba6 15. Nc3 Nd5 16. e4 Rab8 17. Qc2 Nb4 18. Bxb4 Rxb4 19. d5 e5 20. Qc1 Rd6
21. Qe3 Qb8 22. Rab1 h6 23. Qc5 Rxb1 24. Rxb1 Rb6 25. Rc1 Rb2 26. Kg2 Bd3 27.
Rd1 Be2 28. Re1 Ba6 29. Qe7 Qb6 30. Qe8+ Kh7 31. Qxf7 Qd4 32. Nd1 Re2 33. Qf5+
Kh8 34. Rxe2 Bxe2 35. Ne3 Bd3 36. Kf3 Qb2 37. g4 Qa1 38. Kg2 Qd4 39. Kf3 Qa1
40. Kg3 Qg1+ 41. Ng2 Bf1 42. Qf3 Kg8 1/2-1/2